|
|
|
|
| LEADER |
00000nam a2200000Ii 4500 |
| 001 |
DIGBIN01610 |
| 003 |
NyNyDIG |
| 006 |
m o d |
| 007 |
cr ||||||||||| |
| 008 |
121101s2012 sp ob 000 0 spa d |
| 020 |
|
|
|a 9788499403472
|q (eBook)
|
| 020 |
|
|
|z 9788499402925
|
| 020 |
|
|
|z 8499402925
|
| 035 |
|
|
|a (OCoLC)888256572
|
| 040 |
|
|
|a DGITA
|b eng
|e pn
|c DGITA
|
| 041 |
1 |
|
|a spa
|h fre
|
| 050 |
1 |
4 |
|a HD51 eBook
|
| 100 |
1 |
|
|a Durkheim, Émile,
|d 1858-1917.
|
| 240 |
1 |
0 |
|a De la division du travail social.
|l Spanish
|
| 245 |
1 |
3 |
|a La división del trabajo social :
|b el comunismo y el socialismo como formas de vida social /
|c Émile Durkheim ; edición de Alberto J. Ribes ; traducción de Carlos G. Posada.
|
| 264 |
|
1 |
|a Madrid :
|b Biblioteca Nueva :
|b Minerva,
|c 2012.
|
| 300 |
|
|
|a 1 online resource (432 pages)
|
| 336 |
|
|
|a text
|b txt
|2 rdacontent
|
| 337 |
|
|
|a computer
|b c
|2 rdamedia
|
| 338 |
|
|
|a online resource
|b cr
|2 rdacarrier
|
| 490 |
1 |
|
|a Clásicos del pensamiento económico y social ;
|v 10.
|
| 500 |
|
|
|a Translation of: De la division du travail social.Paris, F. Alcan, 1902.
|
| 504 |
|
|
|a Includes bibliographical references (p. [45]-50) and chronology (p. 51-66).
|
| 650 |
|
0 |
|a Division of labor.
|
| 650 |
|
0 |
|a Organization and Administration.
|
| 650 |
|
0 |
|a Social Conditions.
|
| 650 |
|
0 |
|a Work.
|
| 655 |
|
0 |
|a Electronic books.
|
| 700 |
1 |
|
|a Ribes Leiva, Alberto J.,
|d 1976-
|
| 700 |
1 |
|
|a Posada, Carlos G.
|
| 791 |
2 |
|
|a Digitalia (Firm),
|e distributor.
|
| 830 |
|
0 |
|a Colección clásicos del pensamiento económico y social ;
|v 10.
|
| 793 |
0 |
|
|g Digitalia eBook Collection:
|a Biblioteca Nueva
|
| 856 |
4 |
0 |
|3 Digitalia Hispánica
|u https://www.digitaliapublishing.com/a/14686/
|
| 910 |
|
|
|a Premium Collection: 2007-2012
|